000 00586nam a2200241Ia 4500
003 OSt
005 20220924150512.0
006 a|||||r|||| 00| 0
007 ta
008 220923b |||||||| |||| 00| 0 tel d
020 _c5.00
024 _a333384
037 _cTextual
040 _aARTS
_cARTS
_btel
041 _2tel
_atel
082 _a035,1NBA,1, L3
100 _aReddy Bapu Au.
_9222269
245 0 _aPadyakvyalu
260 _c1973
650 _aTELUGU POETRY
942 _h035,1NBA,1, L3
_cTEXL
_2CC
999 _c463567
_d463567